| 000 -ლიდერი |
| ფიქსირებული სიგრძის საკონტროლო ველი |
01965nam a2200277Ia 4500 |
| 001 - საკონტროლო ნომერი |
| საკონტროლო ველი |
23642 |
| 003 - საკონტროლო ნომრის იდენტიფიკატორი |
| საკონტროლო ველი |
GE_BSU |
| 005 - ბოლო ოპერაციის თარიღი და დრო |
| საკონტროლო ველი |
20230418101522.0 |
| 008 - ფიქსირებული სიგრძის მონაცემთა ელემენტები - ზოგადი ინფორმაცია |
| ფიქსირებული სიგრძის საკონტროლო ველი |
181216s1957ge xx |||||||||||||| ||geo|| |
| 040 ## - კატალოგიზაციის წყარო |
| Transcribing agency |
GE_BSU |
| 041 ## - ენის კოდი |
| Language code of text/sound track or separate title |
geo |
| 080 ## - უნივერსალური ათობითი კლასიფიკაციის ინდექსი |
| Universal Decimal Classification number |
913(3) + 94(479.22)(093) ყ-94 |
| 100 ## - მთავარი ჩანაწერი - პიროვნების სახელი |
| Personal name |
ყაუხჩიშვილი, თ. |
| 9 (RLIN) |
17649 |
| 245 ## - ცნობა სათაურის შესახებ |
| Title |
სტრაბონის გეოგრაფია : |
| Remainder of title |
ცნობები საქართველოს შესახებ / |
| Statement of responsibility, etc |
თ. ყაუხჩიშვილი, რედ. ალ. გამყრელიძე., მხატვ. გ. ნადირაძე |
| 264 ## - წარმოების, გამოცემის, დისტრიბუციის და სხვა ცნობები |
| გამოცემის, წარმოების, დისტრიბუციის... ადგილი |
თბილისი : |
| გამოცემის, წარმოების, დისტრიბუციის... სახელწოდება |
საქ. სსრ მეცნ. აკად. გამ-ბა |
| გამოცემის, წარმოების, დისტრიბუციის... თარიღი |
1957. |
| 300 ## - ფიზიკური აღწერა |
| Extent |
302 გვ. ; |
| Other physical details |
22 სმ. |
| 501 ## - შენიშვნა თანმხლებ მასალაზე |
| With note |
დანართი: "ვარიანტები" გვ. 226-233. - "პირთა სახელები" გვ. 234-248. - "ხალხების, ტომებისა და გვარების სახელები" გვ. 249-266. - "გეოგრაფიული სახელები" გვ. 267-301. |
| 520 ## - SUMMARY, ETC. |
| Summary, etc |
პარალ. სათ. რუს. ენ. |
| 653 ## - INDEX TERM--UNCONTROLLED |
| Uncontrolled term |
სტრაბონის გეოგრაფია : ცნობები საქართველოს შესახებ |
| 653 ## - INDEX TERM--UNCONTROLLED |
| Uncontrolled term |
ძველი მსოფლიოს ქვეყნების გეოგრაფია; საქართველოს ისტორიის უცხოური წყაროები |
| 700 ## - ADDED ENTRY--PERSONAL NAME |
| Personal name |
გამყრელიძე, ალ |
| Relator term |
რედაქტორი |
| 9 (RLIN) |
17650 |
| 700 ## - ADDED ENTRY--PERSONAL NAME |
| Personal name |
ნადირაძე, გ |
| Relator term |
მხატვარი |
| 9 (RLIN) |
17651 |
| 710 ## - ADDED ENTRY--CORPORATE NAME |
| Corporate name or jurisdiction name as entry element |
საქ. სსრ მეცნ. აკად., ივ. ჯავახიშვილის სახ. ისტორიის ინ-ტი. |
| 9 (RLIN) |
3888 |
| 942 ## - ADDED ENTRY ELEMENTS (KOHA) |
| Koha item type |
წიგნი |
| Source of classification or shelving scheme |
|